01711nab a2200421 i 450000100060000000300080000600500170001400600190003100700150005000800410006502200140010603500210012004000310014105000230017208000130019508200150020810000340022324500890025726400720034630000250041831000180044333600310046133700330049233800430052558801250056859001640069361100820085765000340093965000240097365000320099765000160102965100140104565500320105977301010109179700190119285600610121199900170127222473FlNmELB20241216214017.0m o d | cr cnu||||||||150530c19729999sp tr p o 0 b0spa d a0034-7639 a(OCoLC)991926691 aFINmELBbspaerdacFINmELB 4aJN8221bB1399 1972 a351(460)0 a351.462231 aBaena del Alcázar, Mariano.13aLa semana de estudios sobre la burocracia española /cMariano Baena del Alcázar. 1aMadrid :bCentro de Estudios Políticos y Constitucionales,c1972. a1 recurso en línea aCuatrimestral atextobtxt2rdacontent/spa acomputadorabc2rdamedia/spa arecurso en líneabcr2rdacarrier/spa aDescripción basada en recurso en línea; Título de la página del título en PDF (e-libro, visto April 30, 2015). aRecurso electrónico. Santa Fe, Arg.: e-libro, 2015. Disponible vía World Wide Web. El acceso puede estar limitado para las bibliotecas afiliadas a e-libro.20aSemana de Estudios sobre la Burocracia Españolad(1971 :cMadrid, España) 0aPublic administrationzSpain. 0aBureaucracyzSpain. 4aAdministración pública. 4aBurocracia. 4aEspaña. 4aArtículos electrónicos.0 tRevista de Administración PúblicagNúm.67 (Enero-abril 1972), páginas 269-480x0034-76392 ae-libro, Corp.40uhttps://elibro.net/ereader/politecnicointernacional/1830 c22473d22473